00349nam a2200145Ia 4500003000400000008004100004040001600045082001300061100001300074245003900087260003000126300001000156650001500166650002200181GCL140319s9999 xx 000 0 eng d aGCL / cGCL04a843bE E1 aETIEMBLE10aL'EROTISME ET L'AMOUR / cETIEMBLE a[S.N] : bARLEA ، c1987 a154 P04aLITERATURE04aFRENCH LITERATURE